000 00320nam a22001337a 4500
008 170825b xxu||||| |||| 00| 0 eng d
020 _a9780024094711
041 _aeng
080 _24TH
_a070
100 _a39
101 _aMED
245 _aHUMAN COMMUNICATION DISORDERS AN INTRODUCTION
_cSHAMES,G.H
942 _2udc
_cBK
999 _c25120
_d25120